| 000 | 00379nam a22001337a 4500 | ||
|---|---|---|---|
| 020 | _qPB. | ||
| 040 | _cFIZZA ISHAQ | ||
| 082 |
_a624.09411 _bROL |
||
| 100 |
_aSHIPWAY,J.POXTON ROLAND. _991670 |
||
| 245 |
_aCIVIL ENGINEERING HERITAGE SCOTLAND LOWLANDS AND BORDERS / _cRONALD POXTON J.SHIPWAY. |
||
| 260 |
_aROYAL PUBLISHER ; _c2007 P. ; |
||
| 300 | _a396 P. ; | ||
| 942 |
_2ddc _cBK |
||
| 999 |
_c589817 _d589817 |
||